The oxford history of christianity (Record no. 716)
[ view plain ]
| 000 -LEADER | |
|---|---|
| fixed length control field | 00354nam a2200133Ia 4500 |
| 008 - FIXED-LENGTH DATA ELEMENTS--GENERAL INFORMATION | |
| fixed length control field | 221021s9999||||xx |||||||||||||| ||und|| |
| 020 ## - INTERNATIONAL STANDARD BOOK NUMBER | |
| International Standard Book Number | 978-0-19-280336-8 |
| 040 ## - CATALOGING SOURCE | |
| Transcribing agency | Chuka University Library |
| 050 ## - LIBRARY OF CONGRESS CALL NUMBER | |
| Classification number | BR 145.3 |
| Item number | .O94 1990 |
| 100 ## - MAIN ENTRY--PERSONAL NAME | |
| Personal name | Mcmanners J. |
| 9 (RLIN) | 792 |
| 245 #4 - TITLE STATEMENT | |
| Title | The oxford history of christianity |
| 260 ## - PUBLICATION, DISTRIBUTION, ETC. | |
| Place of publication, distribution, etc. | oxford |
| Name of publisher, distributor, etc. | OUP |
| Date of publication, distribution, etc. | 1990 |
| 942 ## - ADDED ENTRY ELEMENTS (KOHA) | |
| Koha item type | Long Loan Books |
| Withdrawn status | Lost status | Damaged status | Not for loan | Collection | Home library | Current library | Shelving location | Date acquired | Total Checkouts | Full call number | Barcode | Date last seen | Price effective from | Koha item type |
|---|---|---|---|---|---|---|---|---|---|---|---|---|---|---|
| General Collection Books | Main Campus Library | Main Campus Library | General Stacks | 21/10/2022 | REF BR 145.3 .O94 1990 | 7756/2010 | 21/10/2022 | 21/10/2022 | Long Loan Books |
